00601nam a22001931 450000100060000000300080000600500170001400800390003103500190007003500190008904000280010804100080013608200200014410000280016424500980019226000350029030000470032565100350037223368BD-RjUL20211209000924.0140310s1951 enkbc 001 0 eng a(BD-RjUL)23433 a(OCoLC)2038743 aDLCcABAUdBD-RjULbeng aeng a915.5bSUI 19511 aSuratgar, Olive.d1906-10aI sing in the wilderness :ban intimate account of Persia and the Persians /cOlive Suratgar. aLondon :bE. Stanford,cc1951. axii, 222 p. :bill., ports., maps.c22 cm. 0aIranxSocial life and customs.